| 000 | 00377nam a22001577a 4500 | ||
|---|---|---|---|
| 003 | ASAB | ||
| 005 | 20180827062648.0 | ||
| 008 | 160805t xxu||||| |||| 00| 0 eng d | ||
| 020 | _a9789384568450 | ||
| 040 | _cASAB | ||
| 210 | _abio man pest | ||
| 245 |
_aBiomanagement of pests _cDr. J.S. Bohra |
||
| 246 | _abio management of pests | ||
| 300 | _a264 P | ||
| 942 |
_2ddc _cBK |
||
| 999 |
_c480166 _d480166 |
||